Στο δρόμο της λευτεριάς : αναμνήσεις από τους αγώνες του κόμματος μας

Αποθηκεύτηκε σε:
Λεπτομέρειες βιβλιογραφικής εγγραφής
Κύριος συγγραφέας: Αστέρης, Αλέξης
Μορφή: Βιβλίο
Γλώσσα:Greek
Δημοσίευση: [χ.τ.] : Πολιτικές και λογοτεχνικές εκδόσεις, 1956.
Θέματα:
Ετικέτες: Προσθήκη ετικέτας
Δεν υπάρχουν, Καταχωρήστε ετικέτα πρώτοι!

MARC

LEADER 00000cam a2200000 a 4500
001 1/114092
008 170525s1956####xx | ||| |||| ||gre||
040 |a GR-MyUa  |b gre  |c GR-MyUa  |e AACR2 
041 0 |a gre 
082 7 |a 320.53209495   |2 (23) 
100 1 |a Αστέρης, Αλέξης. 
245 1 4 |a Στο δρόμο της λευτεριάς :   |b αναμνήσεις από τους αγώνες του κόμματος μας /   |c Αλέξη Αστέρη.  
260 |a [χ.τ.] :   |b Πολιτικές και λογοτεχνικές εκδόσεις,   |c 1956.  
300 |a 93 σ. ;   |c 21 εκ.  
506 1 |a Μόνο για ανάγνωση. Βρίσκεται σε ειδικό ράφι. Διαθέσιμο εάν ζητηθεί.  
610 2 0 |a Κομμουνιστικό Κόμμα Ελλάδος. 
650 0 |a Communism  |z Greece  |x History. 
650 0 |a Communists  |z Greece. 
852 |a INST  |b LESVOS  |e 20170525  |h 320.53209495 ΑΣΤ  |p 005100059291  |q 005100059291  |t BK  |y 0 
970 |a Τζαφέρη  |b Ευαγγελία  |z 25-05-2017